Gender : dieci interventi sul sessuale e sul politico /
Sábháilte in:
| Príomhchruthaitheoir: | |
|---|---|
| Formáid: | LEABHAR |
| Teanga: | Iodáilis |
| Foilsithe / Cruthaithe: |
Busto Arsizio :
People,
2023
|
| Sraith: | Idee
|
| Clibeanna: |
Níl clibeanna ann, Bí ar an gcéad duine le clib a chur leis an taifead seo!
|
MARC
| LEADER | 00000nam a22000007i 4500 | ||
|---|---|---|---|
| 001 | IT\ICCU\BCT\0073967 | ||
| 003 | ItRI | ||
| 005 | 20250428162638.0 | ||
| 008 | 240214s2023 it |||||| ||||| |||||c | ||
| 020 | |a 9791259791726 | ||
| 024 | 3 | 1 | |a 9791259791726 |
| 040 | |b ita |c Arcigay Queer VdA | ||
| 041 | 7 | |a ita |2 ISO-639-2 | |
| 100 | 1 | |a Bernini, Lorenzo, |d (1973- ) |0 IT\ICCU\MODV\628040 |4 aut | |
| 240 | 1 | 0 | |a Gender |9 Bernini, Lorenzo <1973- > |
| 245 | 1 | 0 | |a Gender : |b dieci interventi sul sessuale e sul politico / |c di Lorenzo Bernini. |
| 260 | |a Busto Arsizio : |b People, |c 2023 | ||
| 300 | |a 267 p. ; |c 21 cm | ||
| 830 | 0 | |a Idee |0 IT\ICCU\VIA\0373736 | |
| 942 | |2 ddc |c BK | ||
| 952 | |0 0 |1 0 |2 ddc |4 0 |6 306_760000000000000_BER_GEN |7 1 |9 4029 |a AO |b AO |d 2025-04-28 |l 0 |o 306.76 BER GEN |p 11214 |r 2025-04-28 16:27:19 |w 2025-04-28 |x Di proprietà di Giulio Gasperini |y BK | ||
| 952 | |0 0 |1 0 |2 ddc |4 0 |6 306_760000000000000_BER_GEN |7 0 |9 4096 |a AO |b AO |d 2025-05-01 |l 0 |o 306.76 BER GEN |p 11273 |r 2025-05-01 17:43:17 |w 2025-05-01 |x Di proprietà di Giulio Gasperini |y BK | ||
| 981 | 1 | |6 z01 |a i |b xxxe | |
| 982 | 1 | |6 z01 |a n | |
| 999 | |c 3129 |d 3129 | ||